000 00282nam a2200109Ia 4500
008 220216s9999 xx 000 0 und d
100 _aTrivisonno Nicholas M
245 2 _aA Review of radiation tire thermography. II
260 _bElastomerics
_c1992
300 _a26-31
942 _cJS
999 _c53561
_d53561